[Event "Wch Blitz (Women)"]
[Site "Samarkand"]
[Date "2023.12.29"]
[Round "9"]
[White "Ovezdurdiyeva, Jemal"]
[Black "Voit, Daria"]
[Result "0-1"]
[WhiteElo "2057"]
[BlackElo "2343"]
[PlyCount "66"]
[EventDate "2023.12.29"]
[EventType "swiss (blitz)"]
[EventRounds "17"]
[EventCountry "UZB"]
[SourceTitle "CB01_2024"]
[SourceDate "2024.01.03"]
[SourceVersion "1"]
[SourceVersionDate "2024.01.03"]
[SourceQuality "1"]

1. d4 Nf6 2. c4 e6 3. Nc3 Bb4 4. e3 d5 5. Nge2 dxc4 6. a3 Ba5 7. Qa4+ c6 8. Qxc4 e5 9. dxe5 Ng4 10. Qd4 Qe7 11. Nf4 Nxe5 12. Be2 0-0 13. 0-0 Bf5 14. e4 Bb6 15. Qa4 Bg4 16. h3 Bxe2 17. Nfxe2 Nbd7 18. Bf4 Nc5 19. Qc2 Ncd3 20. Bg3 Rad8 21. Rad1 h5 22. Nf4 h4 23. Bh2 Nxf4 24. Bxf4 g5 25. Bc1 g4 26. Kh2 Bc7 27. Kh1 gxh3 28. gxh3 Nf3 29. Rd3 Qe5 30. Rg1+ Nxg1 31. f4 Qg7 32. Rxd8 Rxd8 33. Qf2 Nxh3 0-1

[Event "Wch Blitz (Women)"]
[Site "Samarkand"]
[Date "2023.12.29"]
[Round "1"]
[White "Voit, Daria"]
[Black "Lagno, Kateryna"]
[Result "1/2-1/2"]
[WhiteElo "2343"]
[BlackElo "2542"]
[PlyCount "63"]
[EventDate "2023.12.29"]
[EventType "swiss (blitz)"]
[EventRounds "17"]
[EventCountry "UZB"]
[SourceTitle "CB01_2024"]
[SourceDate "2024.01.03"]
[SourceVersion "1"]
[SourceVersionDate "2024.01.03"]
[SourceQuality "1"]

1. d4 Nf6 2. c4 e6 3. Nf3 d5 4. g3 Bb4+ 5. Bd2 a5 6. Bg2 0-0 7. Qc2 c5 8. cxd5 cxd4 9. Nxd4 Qb6 10. e3 exd5 11. a3 Bxd2+ 12. Nxd2 Nc6 13. N2b3 a4 14. Qc5 Qa6 15. Bf1 Qa7 16. Nxc6 bxc6 17. Qxa7 Rxa7 18. Nc5 Bf5 19. Bd3 Ra5 20. Bxf5 Rxc5 21. Kd2 d4 22. Bd3 dxe3+ 23. fxe3 Rd8 24. Rad1 Re5 25. Rhe1 Ng4 26. Re2 Red5 27. Kc3 Ne5 28. Red2 Nf3 29. Rf2 Ng5 30. Rfd2 Nf3 31. Rf2 Ng5 32. Rfd2 1/2-1/2

[Event "Wch Rapid (Women)"]
[Site "Samarkand"]
[Date "2023.12.27"]
[Round "8"]
[White "Voit, Daria"]
[Black "Gunina, Valentina"]
[Result "0-1"]
[WhiteElo "2343"]
[BlackElo "2437"]
[PlyCount "92"]
[EventDate "2023.12.26"]
[EventType "swiss (rapid)"]
[EventRounds "11"]
[EventCountry "UZB"]
[SourceTitle "CB01_2024"]
[SourceDate "2024.01.03"]
[SourceVersion "1"]
[SourceVersionDate "2024.01.03"]
[SourceQuality "1"]

1. d4 d5 2. c4 c6 3. Nf3 Nf6 4. e3 Bg4 5. h3 Bxf3 6. Qxf3 e6 7. Nc3 Bb4 8. Bd2 Nbd7 9. a3 Bxc3 10. Bxc3 0-0 11. Bd3 Re8 12. Qf4 dxc4 13. Bxc4 Nd5 14. Qd6 N7b6 15. Qxd8 Raxd8 16. Be2 e5 17. 0-0 f5 18. Rfd1 f4 19. dxe5 fxe3 20. Bd4 Nf4 21. Kf1 Nxe2 22. Kxe2 exf2 23. Kxf2 Nd5 24. b4 a6 25. g3 Kf7 26. Kf3 Rd7 27. Bb2 Ke6 28. Ke4 Rf7 29. Bd4 Ref8 30. Bc5 Nc3+ 31. Kd3 Nxd1 32. Rxd1 Rd8+ 33. Bd6 Rf3+ 34. Kc4 Rxa3 35. Kc5 Rxg3 36. Kb6 Rd7 37. Rf1 Rxh3 38. Rf8 Rxd6 39. exd6 Kxd6 40. Rd8+ Ke6 41. Kxb7 Rb3 42. Kxc6 Rxb4 43. Rd6+ Kf5 44. Rd5+ Kf6 45. Rd6+ Kg5 46. Rd5+ Kh4 0-1

[Event "Wch Rapid (Women)"]
[Site "Samarkand"]
[Date "2023.12.27"]
[Round "7"]
[White "Voit, Daria"]
[Black "Munguntuul, Batkhuyag"]
[Result "0-1"]
[WhiteElo "2343"]
[BlackElo "2381"]
[PlyCount "148"]
[EventDate "2023.12.26"]
[EventType "swiss (rapid)"]
[EventRounds "11"]
[EventCountry "UZB"]
[SourceTitle "CB01_2024"]
[SourceDate "2024.01.03"]
[SourceVersion "1"]
[SourceVersionDate "2024.01.03"]
[SourceQuality "1"]

1. d4 d5 2. c4 c6 3. Nf3 Nf6 4. e3 Bf5 5. Nc3 e6 6. Nh4 Be4 7. f3 Bg6 8. Qb3 Qc7 9. Bd2 Be7 10. Nxg6 hxg6 11. 0-0-0 0-0 12. h4 dxc4 13. Bxc4 b5 14. Bd3 a6 15. Kb1 c5 16. dxc5 Nbd7 17. Ne4 Nxe4 18. Bxe4 Nxc5 19. Qc2 Rac8 20. Rc1 f5 21. Bd3 Qd7 22. Be2 Ne4 23. fxe4 Rxc2 24. Rxc2 fxe4 25. h5 Rf2 26. Bc1 Rf6 27. hxg6 Rxg6 28. Rd1 Qb7 29. Bh5 Rg5 30. Be8 Rc5 31. Rd7 Qc8 32. Rxc5 Qxc5 33. Bg6 Kf8 34. Bxe4 Bg5 35. Rd4 Bf6 36. Rd7 Ke8 37. Rd1 a5 38. a3 b4 39. axb4 Qxb4 40. Bc2 Ke7 41. e4 Be5 42. g4 Kf6 43. g5+ Kg6 44. Rd3 Qe1 45. Rd1 Qg3 46. Rd3 Qg2 47. Rd1 Qf2 48. Rd2 Qf8 49. Rd1 Qf3 50. Rd3 Qf2 51. Rd2 Qb6 52. Rd1 Qb4 53. Rd3 Qe1 54. Rd1 Qh4 55. Rf1 Qg3 56. Rd1 Bf4 57. e5+ Kxg5 58. Rd3 Qg1 59. Rd1 Qf2 60. Bxf4+ Kxf4 61. Rd7 Qg1+ 62. Ka2 Kxe5 63. Bb3 g5 64. Re7 Qb6 65. Rg7 Kf6 66. Rg8 Qc6 67. Kb1 Qe4+ 68. Bc2 Qh4 69. Rf8+ Ke5 70. Rg8 g4 71. Ka2 g3 72. Bb3 a4 73. Bc2 Qc4+ 74. Kb1 g2 0-1

[Event "Wch Rapid (Women)"]
[Site "Samarkand"]
[Date "2023.12.26"]
[Round "4"]
[White "Vaishali, Ramesh Babu"]
[Black "Voit, Daria"]
[Result "1-0"]
[WhiteElo "2497"]
[BlackElo "2343"]
[PlyCount "123"]
[EventDate "2023.12.26"]
[EventType "swiss (rapid)"]
[EventRounds "11"]
[EventCountry "UZB"]
[SourceTitle "CB01_2024"]
[SourceDate "2024.01.03"]
[SourceVersion "1"]
[SourceVersionDate "2024.01.03"]
[SourceQuality "1"]

1. d4 Nf6 2. Bf4 e6 3. e3 b6 4. Qf3 Nc6 5. Nc3 Bb7 6. Bd3 Qc8 7. Qh3 Nb4 8. Nge2 Nxd3+ 9. cxd3 d6 10. e4 Qd7 11. Be3 c5 12. 0-0 e5 13. Qxd7+ Nxd7 14. d5 Ba6 15. Rfd1 b5 16. a3 Be7 17. b4 0-0 18. Rdb1 Rab8 19. a4 cxb4 20. axb5 Bxb5 21. Nxb5 Rxb5 22. Rxa7 Rd8 23. Nc1 Bf8 24. Nb3 f5 25. Bg5 Nf6 26. Rc1 fxe4 27. dxe4 h6 28. Bxf6 gxf6 29. g4 Rbb8 30. Rcc7 Rdc8 31. Kg2 Ra8 32. Rxa8 Rxc7 33. Rb8 Rc4 34. f3 Kf7 35. Na5 Rc2+ 36. Kg3 Rb2 37. h4 h5 38. g5 fxg5 39. hxg5 Be7 40. Rb7 Kf8 41. Rb8+ Kf7 42. Rb7 Kf8 43. f4 exf4+ 44. Kxf4 Rf2+ 45. Kg3 Ra2 46. Nc4 Bxg5 47. Nxd6 Ra3+ 48. Kg2 b3 49. e5 Ra2+ 50. Kf3 b2 51. e6 Bf6 52. Nf5 Ra3+ 53. Ke2 Kg8 54. d6 Ra5 55. Rb8+ Kh7 56. Ne3 Re5 57. Rxb2 Rxe6 58. d7 Bg5 59. Rb3 Kg6 60. Rd3 Bxe3 61. Rxe3 Rd6 62. Rd3 1-0

[Event "Khanty-Mansiysk TOP 28 Blitz GP (Women)"]
[Site "Khanty-Mansiysk"]
[Date "2023.12.04"]
[Round "6"]
[White "Chkhan, Viktoria"]
[Black "Voit, Daria"]
[Result "0-1"]
[WhiteElo "2083"]
[BlackElo "2343"]
[PlyCount "54"]
[EventDate "2023.12.04"]
[EventType "tourn (blitz)"]
[EventRounds "13"]
[EventCountry "RUS"]
[SourceTitle "CB49_2023"]
[SourceDate "2023.12.06"]
[SourceVersion "1"]
[SourceVersionDate "2023.12.06"]
[SourceQuality "1"]

1. d4 Nf6 2. c4 e6 3. g3 d5 4. Nf3 Bb4+ 5. Nbd2 0-0 6. Bg2 b6 7. 0-0 Bb7 8. Ne5 Re8 9. a3 Bf8 10. Qa4 c5 11. dxc5 bxc5 12. cxd5 exd5 13. Ndf3 Nbd7 14. Nxd7 Qxd7 15. Qc2 d4 16. Bg5 Be4 17. Qc1 Nd5 18. Rd1 h6 19. Bd2 Qb7 20. Be1 Rab8 21. b4 cxb4 22. axb4 Nxb4 23. Ra5 Nc2 24. Rd2 Nxe1 25. Qxe1 Bb4 26. Raa2 Bxd2 27. Rxd2 d3 0-1

[Event "Khanty-Mansiysk TOP 28 Blitz GP (Women)"]
[Site "Khanty-Mansiysk"]
[Date "2023.12.04"]
[Round "13"]
[White "Goganova, Yana"]
[Black "Voit, Daria"]
[Result "0-1"]
[WhiteElo "1966"]
[BlackElo "2343"]
[PlyCount "62"]
[EventDate "2023.12.04"]
[EventType "tourn (blitz)"]
[EventRounds "13"]
[EventCountry "RUS"]
[SourceTitle "CB49_2023"]
[SourceDate "2023.12.06"]
[SourceVersion "1"]
[SourceVersionDate "2023.12.06"]
[SourceQuality "1"]

1. e4 c6 2. d4 d5 3. e5 Bf5 4. h4 h5 5. Bd3 Bxd3 6. cxd3 e6 7. Ne2 c5 8. dxc5 Bxc5 9. d4 Bb4+ 10. Bd2 Qb6 11. Qa4+ Nc6 12. Bxb4 Qxb4+ 13. Qxb4 Nxb4 14. Kd2 Rc8 15. Nbc3 Ne7 16. a3 Nbc6 17. Nb5 Nf5 18. Kd3 f6 19. exf6 gxf6 20. f3 Kd7 21. Rae1 e5 22. g4 hxg4 23. fxg4 Nxh4 24. Nbc3 Ne7 25. Ref1 Ke6 26. g5 e4+ 27. Kd2 fxg5 28. Kc2 Nf3 29. Kb3 Nf5 30. Na4 Nd2+ 31. Ka2 Nxf1 0-1

[Event "Khanty-Mansiysk TOP 28 Blitz GP (Women)"]
[Site "Khanty-Mansiysk"]
[Date "2023.12.04"]
[Round "11"]
[White "Ovod, Evgenija"]
[Black "Voit, Daria"]
[Result "1-0"]
[WhiteElo "2260"]
[BlackElo "2343"]
[PlyCount "65"]
[EventDate "2023.12.04"]
[EventType "tourn (blitz)"]
[EventRounds "13"]
[EventCountry "RUS"]
[SourceTitle "CB49_2023"]
[SourceDate "2023.12.06"]
[SourceVersion "1"]
[SourceVersionDate "2023.12.06"]
[SourceQuality "1"]

1. d4 Nf6 2. Bf4 e6 3. e3 b6 4. Qf3 d5 5. h4 Ba6 6. Ne2 c5 7. c3 Nc6 8. Nd2 Bd6 9. h5 h6 10. Qg3 Bxf4 11. Nxf4 Bxf1 12. Kxf1 0-0 13. Nd3 Qe7 14. Re1 Rfe8 15. Ne5 Nxe5 16. dxe5 Ne4 17. Nxe4 dxe4 18. Rh4 Rad8 19. Rxe4 Rd2 20. Rg4 Qf8 21. b4 cxb4 22. cxb4 Rc8 23. a4 Rcc2 24. Rf4 Qb8 25. Rf3 Qc8 26. Kg1 Qc3 27. Rf1 Qxb4 28. Rf4 Qc3 29. Rg4 Kf8 30. Rxg7 Qd3 31. Rg8+ Ke7 32. Qh4+ Kd7 33. Rd8+ 1-0